000 00427nam a2200193Ia 4500
008 240510s9999 xx 000 0 und d
020 _a070020248X
041 _aEng
082 _a519.85
082 _bB86
100 _aDURLEY, D.M.
245 0 _aStudies in optimization
260 _bBeds , Intertext
260 _c1974
300 _a228 p.
650 _aOptimization : Mathematics
942 _2ddc
942 _cLBK
999 _c25809
_d25809
945 _a1
_bMadushi Gamage
_c1
_dMadushi Gamage